Statistiques concernant 10 plus grandes économies d'Afrique

Cliquez ici pour prendre le quiz!

Statistiques générales

  • Ce quiz a été pris 4,291 fois
    (2,400 depuis la dernière actualisation)
  • Le résultat moyen est 9 sur 10

Statistiques - réponses

Millards Pays % Correct
762Afrique du Sud
99%
1 199Égypte
98%
635Algérie
98%
301Maroc
98%
1 124Nigeria
90%
164Kenya
81%
195Éthiopie
79%
187Soudan
74%
164Tanzanie
73%
194Angola
70%

Distribution des résultats

Percentile by Number Answered

% des personnes avec chaque résultat

Votre développement - résultats

Vous n’avez pas pris ce quiz depuis la dernière actualisation